000 00481nam a22001817a 4500
005 20251108165151.0
008 250721s1996 xx 000 0 ara d
082 1 4 _a928.1/وهب
100 1 _aوهبه، محمد محمد بدوي
245 1 0 _aأديبات معاصرات /
264 1 _aبيروت :
_bالمنارة،
_c1996.
300 _a143ص.
650 1 7 _aالأدباء
650 1 7 _aالتراجم
650 1 7 _aالمرأة
942 _2ddc
_cBK
999 _c21098
_d21098